The Royal Bank of Scotland Group Plc v David Allen (Record no. 82231)
[ view plain ]
| 000 -LEADER | |
|---|---|
| fixed length control field | 01145cad a22001935a 4500 |
| 001 - CONTROL NUMBER | |
| control field | E149618 |
| 008 - FIXED-LENGTH DATA ELEMENTS--GENERAL INFORMATION | |
| fixed length control field | 100326e20091120xxk v 000 0 eng d |
| 035 ## - SYSTEM CONTROL NUMBER | |
| System control number | (Sirsi) u149618 |
| 041 0# - LANGUAGE CODE | |
| Language code of text/sound track or separate title | eng |
| 245 04 - TITLE STATEMENT | |
| Title | The Royal Bank of Scotland Group Plc v David Allen |
| Medium | [electronic resource] |
| 260 ## - PUBLICATION, DISTRIBUTION, ETC. | |
| Date of publication, distribution, etc. | 2009 |
| 520 ## - SUMMARY, ETC. | |
| Summary, etc. | [2009] EWCA Civ 1213, 20 November 2009. Concerns A's inability to access R's main branch building in Sheffield due to lack of wheelchair access. A argued this amounted to disability discrimination on the grounds of a breach of the Disability Discrimination Act 1995 S19(1)(b) by failing to comply with the duty to make reasonable adjustments in S21(2) without justification. "Held": appeal dismissed. R had not discharged its statutory duty at the main branch in Sheffield |
| 590 ## - LOCAL NOTE (RLIN) | |
| Local note | KA |
| 650 24 - SUBJECT ADDED ENTRY--TOPICAL TERM | |
| Topical term or geographic name entry element | ROYAL BANK OF SCOTLAND GROUP PLC V ALLEN |
| 651 #4 - SUBJECT ADDED ENTRY--GEOGRAPHIC NAME | |
| Geographic name | England and Wales |
| Chronological subdivision | 1543- |
| 690 ## - LOCAL SUBJECT ADDED ENTRY--TOPICAL TERM (OCLC, RLIN) | |
| Topical term or geographic name as entry element | MANAGEMENT-BUSINESS MANAGEMENT-DISCRIMINATION-DISABILITY DISCRIMINATION-ACCESSIBILITY |
| 856 40 - ELECTRONIC LOCATION AND ACCESS | |
| Uniform Resource Identifier | <a href="https://www.bailii.org/ew/cases/EWCA/Civ/2009/1213.html">https://www.bailii.org/ew/cases/EWCA/Civ/2009/1213.html</a> |
| Public note | View the judgement free of charge at www.bailii.org... |
| 942 ## - ADDED ENTRY ELEMENTS (KOHA) | |
| Suppress in OPAC | 0 |
| Withdrawn status | Lost status | Source of classification or shelving scheme | Damaged status | Not for loan | Home library | Current library | Shelving location | Date acquired | Total Checkouts | Full call number | Barcode | Date last seen | Copy number | Price effective from | Koha item type |
|---|---|---|---|---|---|---|---|---|---|---|---|---|---|---|---|
| Dewey Decimal Classification | Virtual | Virtual | Online | 26/03/2010 | ONLINE PUBLICATION | 149618-2001 | 06/08/2019 | 1 | 06/08/2019 | Law report |